TV Producers - Statistics

General Stats
  • This quiz has been taken 10 times
  • The average score is 7 of 18
Answer Stats
Shows Produced Producer % Correct
The West Wing, The Newsroom, Sports Night Aaron Sorkin
70%
Beverly Hills 90210, The Love Boat, 7th Heaven Aaron Spelling
70%
Law & Order, Chicago P.D., Law & Order: SVU Dick Wolf
70%
Alias, Lost, Fringe J. J. Abrams
70%
30 Rock, The Kids in the Hall, Saturday Night Live Lorne Michaels
70%
Grey's Anatomy, How to Get Away with Murder, Scandal Shonda Rhimes
70%
The Big Bang Theory, Cybill, Two and a Half Men Chuck Lorre
60%
All in the Family, Maude, Sanford and Son Norman Lear
60%
Ally McBean, Boston Legal, Picket Fences David E. Kelley
40%
Taxi, The Mary Tyler Moore Show, The Simpsons James L. Brooks
30%
Firefly, Buffy the Vampire Slayer, Angel Joss Whedon
30%
Survivor, The Voice, Are You Smarter Than a 5th Grader? Mark Burnett
30%
The Newlywed Game, The Gong Show, Treasure Hunt Chuck Barris
20%
Hill Street Blues, L.A. Law, NYPD Blue Steven Bochco
20%
Frasier, Wings, Cheers David Angell
10%
Friends, Jesse, Veronica's Closet Kevin S. Bright
10%
The Cosby Show, Roseanne, 3rd Rock from the Sun Marcy Carsey
0%
Family Feud, To Tell the Truth, The Price Is Right Mark Goodson
0%
No matching quizzes found
Score Distribution
Percent of People with Each Score
Percentile by Number Answered
Your Score History
You have not taken this quiz